000 00861nam a22002297a 4500
005 20121204114729.0
008 121204t xxu||||| |||| 00| 0 eng d
010 _aENG-106261
020 _a9788184841749
_c1180.00
035 _aEN-89794
037 _bDBAD/PUB
040 _aDPL
_bEng
082 _a342.540853
100 _aChaubey, Manish Kumar
_954009
245 _aRight to information :
_cby Manish Kumar Chaubey
_bvarious dimensions /
260 _aNew Delhi
_bRegal Publications
_c2012
270 _aF-159 Rajouri Garden
_bNew Delhi
_e110027
300 _axxi,311p.
_c23cm(Hb)
500 _aIncludes bibliographical references and index
942 _2ddc
_cEN
_mCHA
_h342.540853
999 _c71816
_d71816